[Event "13th EICC"]
[Site "Plovdiv BUL"]
[Date "2012.03.28"]
[Round "8.119"]
[White "Perunovic, Miodrag"]
[Black "Izzat, Kanan"]
[Result "1-0"]
[WhiteTitle "IM"]
[BlackTitle "FM"]
[WhiteElo "2481"]
[BlackElo "2319"]
[WhiteFideId "919993"]
[BlackFideId "13405209"]
[EventDate "2012.03.20"]
[EventType "swiss"]

1. d4 Nf6 2. Nf3 g6 3. c4 Bg7 4. Nc3 d5 5. cxd5 Nxd5 6. e4 Nxc3 7. bxc3 c5 8.
Be3 O-O 9. Qd2 Qa5 10. Rc1 Rd8 11. d5 e6 12. Bg5 Re8 13. d6 Nd7 14. h4 b5 15.
Be2 Bb7 16. Bh6 Bh8 17. h5 Bxe4 18. Ng5 Bxg2 19. Rh2 Bd5 20. Nxh7 Ne5 21. Qg5
Qd8 22. d7 Nxd7 23. hxg6 Qxg5 24. gxf7+ Kxf7 25. Bxg5 Bc4 26. Bh5+ Kg8 27. Kd2
Red8 28. Ke3 Ne5 29. Bxd8 Rxd8 30. Rg2+ Bg7 31. Rcg1 Kxh7 32. Rxg7+ Kh6 33. f4
Rd3+ 34. Kf2 Nc6 35. Be2 1-0

[Event "13th EICC"]
[Site "Plovdiv BUL"]
[Date "2012.03.28"]
[Round "8.121"]
[White "Pancevski, Filip"]
[Black "Agaragimov, Djakhangir"]
[Result "1-0"]
[WhiteTitle "IM"]
[BlackTitle "FM"]
[WhiteElo "2470"]
[BlackElo "2342"]
[WhiteFideId "15002187"]
[BlackFideId "13401718"]
[EventDate "2012.03.20"]
[EventType "swiss"]

1. e4 c5 2. Nf3 Nc6 3. d4 cxd4 4. Nxd4 Nf6 5. Nc3 e6 6. Ndb5 Bc5 7. Bf4 O-O 8.
Bc7 Qe7 9. Bd6 Bxd6 10. Qxd6 Ne8 11. Qxe7 Nxe7 12. O-O-O f5 13. f3 a6 14. Nd4
fxe4 15. Nxe4 b6 16. Nb3 Nf5 17. Bd3 Ra7 18. Rhe1 Rc7 19. Nc3 b5 20. Bxf5 Rxf5
21. Nd5 Rxd5 22. Rxd5 exd5 23. Rxe8+ Kf7 24. Re5 Bb7 25. Kd2 g6 26. a3 d6 27.
Re3 Kf6 28. Nd4 Bc8 29. Re8 Bd7 30. Rf8+ Kg7 31. Ra8 Bc8 32. Rxa6 Rxc2+ 33. Kxc2
Bxa6 34. Ne6+ Kf6 35. Nc7 Bb7 36. Nxb5 Ke7 37. Kc3 g5 38. Nd4 Ba6 39. b4 h5 40.
a4 1-0

[Event "13th EICC"]
[Site "Plovdiv BUL"]
[Date "2012.03.28"]
[Round "8.123"]
[White "Nestorovic, Nikola"]
[Black "Ivanov, Stojan Lubomirov"]
[Result "1/2-1/2"]
[WhiteTitle "IM"]
[WhiteElo "2462"]
[BlackElo "2309"]
[WhiteFideId "934526"]
[BlackFideId "2908980"]
[EventDate "2012.03.20"]
[EventType "swiss"]

1. e4 c5 2. Nf3 d6 3. d4 cxd4 4. Nxd4 Nf6 5. Nc3 a6 6. h3 e5 7. Nde2 b5 8. g4
Bb7 9. Bg2 b4 10. Nd5 Nxd5 11. exd5 Be7 12. Ng3 O-O 13. O-O a5 14. a3 g6 15. Bh6
Re8 16. Qd2 Na6 17. axb4 axb4 18. Kh1 Qc7 19. f4 Bh4 20. Ne4 Nc5 21. Rxa8 Bxa8
22. Qxb4 Bxd5 23. Nf6+ Bxf6 24. Bxd5 Ne6 25. c3 Bg7 26. Bxg7 Kxg7 27. Qe4 exf4
28. Bxe6 Rxe6 29. Qxf4 Qb7+ 30. Qf3 Qe7 31. g5 Re3 32. Qf6+ Qxf6 33. gxf6+ Kh6
34. Rd1 Re6 35. b4 Kg5 36. b5 Kxf6 37. b6 d5 38. Rb1 Re8 39. Rf1+ Kg7 40. Kg2
Rb8 41. Rb1 Kf6 42. Kf3 Ke5 43. Ke3 f5 44. Rb5 Kd6 45. Kd4 Kc6 46. Rxd5 Rxb6 47.
Rd8 Rb7 48. Ke5 Re7+ 49. Kf6 Rd7 50. Re8 Kd5 51. Kg5 Rc7 52. Re3 Kd6 53. Kf6 Rc4
54. Rd3+ Kc6 55. Kg5 Re4 56. Rd8 Re3 57. h4 Re4 58. h5 Rg4+ 59. Kh6 f4 60. hxg6
hxg6 1/2-1/2

[Event "13th EICC"]
[Site "Plovdiv BUL"]
[Date "2012.03.28"]
[Round "8.124"]
[White "Zaslavsky, Mikhail"]
[Black "Bulmaga, Irina"]
[Result "1/2-1/2"]
[WhiteTitle "IM"]
[BlackTitle "WIM"]
[WhiteElo "2450"]
[BlackElo "2307"]
[WhiteFideId "2807670"]
[BlackFideId "13903063"]
[EventDate "2012.03.20"]
[EventType "swiss"]

1. c4 Nf6 2. Nc3 e6 3. e4 d5 4. e5 d4 5. exf6 dxc3 6. bxc3 Qxf6 7. Nf3 e5 8. d4
Nc6 9. Bg5 Qg6 10. d5 Nb8 11. h4 Nd7 12. Bd3 Qd6 13. O-O h6 14. Be3 Be7 15. Re1
b6 16. c5 bxc5 17. Bb5 O-O 18. Bc6 Rb8 19. Nd2 f5 20. Bf4 Qg6 21. Nc4 Bd6 22.
Bxd7 exf4 23. Re6 Rf6 24. Re8+ Rf8 25. Re6 Rf6 26. h5 Qg5 27. Bxc8 Rxc8 28. Qe2
Rcf8 29. Rb1 Qh4 30. Nxd6 cxd6 31. Re7 Kh8 32. Rbb7 Rg8 33. Rxa7 f3 34. Qxf3 f4
35. g3 Qh3 36. Qg2 Qxh5 37. g4 Qg6 38. f3 Qd3 39. Qe2 Qxc3 40. Re4 Rff8 41. Rb7
Rb8 42. Rxb8 Rxb8 43. Re8+ Rxe8 44. Qxe8+ Kh7 1/2-1/2

[Event "13th EICC"]
[Site "Plovdiv BUL"]
[Date "2012.03.28"]
[Round "8.125"]
[White "Arsovic, Zoran"]
[Black "Pantic, Ivica"]
[Result "1-0"]
[WhiteTitle "IM"]
[WhiteElo "2435"]
[BlackElo "2242"]
[WhiteFideId "901679"]
[BlackFideId "929395"]
[EventDate "2012.03.20"]
[EventType "swiss"]

1. Nf3 e6 2. c4 b6 3. g3 Bb7 4. Bg2 f5 5. O-O Nf6 6. d4 Bd6 7. Nc3 O-O 8. d5 Na6
9. Nd4 Qe7 10. Ncb5 h6 11. Bf4 Ne4 12. Bxd6 Nxd6 13. Rc1 e5 14. Nxd6 Qxd6 15.
Nb5 Qf6 16. a3 c6 17. Nc3 Nc7 18. b4 e4 19. Qd2 Rfe8 20. Rfd1 cxd5 21. cxd5 Qe5
22. g4 Rac8 23. gxf5 Nxd5 24. Nxd5 Rxc1 25. Rxc1 Qxd5 26. Qxd5+ Bxd5 27. Rc7 Bc6
28. Rxa7 b5 29. f3 e3 30. f4 Rf8 31. Bxc6 dxc6 32. Rc7 Rxf5 33. Rxc6 Rxf4 34.
Re6 Rg4+ 35. Kf1 Rf4+ 36. Kg1 Rg4+ 37. Kh1 Kf7 38. Rxe3 Kf6 39. h3 Rg5 40. Kh2
g6 41. Rc3 Re5 42. e3 Re4 43. Kg2 g5 44. Kf3 Rh4 45. Rc6+ Kg7 46. Rc5 Rxh3+ 47.
Ke4 Kg6 48. Rxb5 Rh4+ 49. Kf3 Rh3+ 50. Kg4 Rxe3 51. Rb6+ Kf7 52. a4 Ke7 53. a5
Kd7 54. b5 Re4+ 55. Kf5 Ra4 56. a6 Kc7 57. Rc6+ Kb8 58. Rb6+ Ka7 59. Rb7+ Ka8
60. Ke6 g4 61. Kd6 Ra2 62. Kc6 Rf2 63. Rg7 Rf6+ 64. Kc5 Rf5+ 65. Kb6 Rf6+ 66.
Ka5 Rf4 67. Rg8+ Ka7 68. b6# 1-0

[Event "13th EICC"]
[Site "Plovdiv BUL"]
[Date "2012.03.28"]
[Round "8.126"]
[White "Duzhakov, Ilya"]
[Black "Enchev, Ivajlo"]
[Result "1/2-1/2"]
[WhiteTitle "FM"]
[BlackTitle "IM"]
[WhiteElo "2316"]
[BlackElo "2432"]
[WhiteFideId "4192516"]
[BlackFideId "2907712"]
[EventDate "2012.03.20"]
[EventType "swiss"]

1. d4 Nf6 2. c4 e6 3. Nc3 c5 4. d5 exd5 5. cxd5 d6 6. e4 g6 7. h3 Bg7 8. Nf3 O-O
9. Bd3 a6 10. a4 Re8 11. O-O Nbd7 12. Re1 Nh5 13. Bg5 Bf6 14. Be3 Ne5 15. Be2
Nxf3+ 16. Bxf3 Ng7 17. a5 b5 18. axb6 Rb8 19. Na4 Bd7 20. Qd2 Bxa4 21. Rxa4 Qxb6
22. Rb1 Be5 23. Be2 f5 24. Rxa6 Qb4 25. Qxb4 Rxb4 26. exf5 Nxf5 27. Bd2 Rxb2 28.
Rxb2 Bxb2 29. Bd3 Be5 30. Bxf5 gxf5 31. Kf1 f4 32. Ra4 Kg7 33. Re4 Rf8 34. Ke2
Rf5 35. Kf3 Kg6 36. Ra4 h5 37. Ke4 Rf8 38. Kf3 Rf5 39. Ke4 Rf8 40. Kf3 Rf5 1/2-1/2

[Event "13th EICC"]
[Site "Plovdiv BUL"]
[Date "2012.03.28"]
[Round "8.128"]
[White "Galopoulos, Nikolaos"]
[Black "Hristodorescu, Daniel"]
[Result "1-0"]
[BlackTitle "FM"]
[WhiteElo "2430"]
[BlackElo "2212"]
[WhiteFideId "4208951"]
[BlackFideId "1203100"]
[EventDate "2012.03.20"]
[EventType "swiss"]

1. d4 Nf6 2. c4 c5 3. Nf3 cxd4 4. Nxd4 Nc6 5. g3 Qb6 6. Nc2 Ne4 7. Ne3 e6 8. Bg2
Bb4+ 9. Nd2 f5 10. Bxe4 fxe4 11. O-O Ne5 12. Nxe4 Qc6 13. Qd4 Nf7 14. c5 Ba5 15.
Nc4 Bc7 16. f3 b5 17. Ncd6+ Bxd6 18. cxd6 e5 19. Qd3 Bb7 20. Be3 Qd5 21. Qxd5
Bxd5 22. Nc3 Bc6 23. Rfd1 O-O 24. Nd5 Bxd5 25. Rxd5 a6 26. a4 bxa4 27. Rxa4 Rfc8
28. b4 Rab8 29. Rxa6 Rxb4 30. Ra7 Rb2 31. Kf2 e4 32. fxe4 Rf8 33. Rf5 Rd8 34.
Bf4 g6 35. Rc5 h6 36. h4 Rb4 37. e5 g5 38. hxg5 hxg5 39. Bd2 Re4 40. Bc3 g4 41.
Rac7 Ng5 42. Rc4 Kf7 43. Ke1 Ke6 44. Kd2 Ra8 45. Kd3 Ra4 46. Bd4 Ra3+ 47. Rc3
Ra2 48. e3 Rg2 49. Rc8 Rxg3 50. Re8+ Kf5 51. Rf8+ Kg6 52. Rg8+ Kh6 53. Rxg5
Rxd4+ 54. Kxd4 Kxg5 55. e6 1-0

[Event "13th EICC"]
[Site "Plovdiv BUL"]
[Date "2012.03.28"]
[Round "8.131"]
[White "Kjurkchiiski, Georgi"]
[Black "Kreisl, Robert"]
[Result "1/2-1/2"]
[BlackTitle "IM"]
[WhiteElo "2266"]
[BlackElo "2400"]
[WhiteFideId "2901153"]
[BlackFideId "1613880"]
[EventDate "2012.03.20"]
[EventType "swiss"]

1. e4 c6 2. d4 d5 3. Nc3 dxe4 4. Nxe4 Bf5 5. Ng3 Bg6 6. h4 h6 7. Nf3 Nd7 8. h5
Bh7 9. Bd3 Bxd3 10. Qxd3 e6 11. Bd2 Ngf6 12. O-O-O Be7 13. Kb1 O-O 14. Ne4 c5
15. dxc5 Nxc5 16. Nxc5 Bxc5 17. Be3 Qxd3 18. Rxd3 Bxe3 19. Rxe3 Rfd8 20. Kc1
Rac8 21. Ne5 Rc5 22. g4 Nd5 23. Re4 Rdc8 24. c3 f5 25. gxf5 exf5 26. Ree1 Nf4
27. Kb1 Re8 28. Nf3 Rxe1+ 29. Rxe1 Rc7 30. Nd4 Nxh5 31. Nxf5 Rf7 32. Nd6 Rxf2
33. Nxb7 Nf4 34. Nc5 h5 35. b4 h4 36. Ne4 Rg2 37. Rf1 Nd3 38. Rh1 Rb2+ 39. Ka1
Re2 40. Ng5 Rg2 41. Nf3 g5 42. a4 Nf2 43. Nxh4 Rg3 44. Rh2 Ng4 45. Rh1 Nf2 46.
Rh2 Nd1 47. Nf5 Rg1 48. Ka2 Nxc3+ 49. Kb3 Nd5 50. Kc4 Nf6 51. Rh6 Kf7 52. Nd6+
Kg7 1/2-1/2

[Event "13th EICC"]
[Site "Plovdiv BUL"]
[Date "2012.03.28"]
[Round "8.132"]
[White "Nigalidze, Gaioz"]
[Black "Todorov, Yavor"]
[Result "1-0"]
[WhiteTitle "IM"]
[WhiteElo "2472"]
[BlackElo "2029"]
[WhiteFideId "13603078"]
[BlackFideId "2911540"]
[EventDate "2012.03.20"]
[EventType "swiss"]

1. d4 Nf6 2. Nf3 g6 3. c4 Bg7 4. Nc3 d5 5. e3 O-O 6. Be2 c5 7. O-O cxd4 8. exd4
Nc6 9. h3 dxc4 10. Bxc4 Na5 11. Be2 Be6 12. b3 Rc8 13. Bb2 Nd5 14. Qd2 Nc6 15.
Ne4 Bf5 16. Ng3 Bd7 17. Ne5 Nxe5 18. dxe5 Bc6 19. Bg4 Rc7 20. Rfd1 Qe8 21. Rac1
h5 22. Bf3 Rd7 23. e6 fxe6 24. Bxg7 Kxg7 25. Qg5 Nf4 26. Rxd7 Bxd7 27. Rc4 Nxh3+
28. gxh3 Rxf3 29. Nxh5+ Kg8 30. Rg4 Qf7 31. Qh6 Be8 32. Nf4 Qg7 33. Qg5 Qf6 34.
Nxg6 Bxg6 35. Qxg6+ Qxg6 36. Rxg6+ Kf7 37. Rg3 Rf5 38. Rg4 Rd5 39. Kg2 Rd2 40.
a4 Rd3 41. b4 Ra3 42. a5 b6 43. axb6 axb6 44. Rg5 Rd3 45. Rb5 Rd6 46. Kg3 Kg6
47. Kg4 Kf6 48. f4 Rc6 49. h4 Rc1 50. Rxb6 Rg1+ 51. Kh5 Rf1 52. Rb8 Kg7 53. Kg4
Rg1+ 54. Kf3 Rh1 55. Re8 Rxh4 56. Rxe7+ Kf6 57. Re8 Rh1 58. Rf8+ Ke7 59. Rb8
Rf1+ 60. Ke3 Re1+ 61. Kf2 Rb1 62. b5 Kd7 63. Rb7+ Kc8 64. Rb6 Kc7 65. Rxe6 Rxb5
66. Kf3 Kd7 67. Re4 Rb8 68. Kg4 Ra8 69. Kg5 Ra1 70. f5 Rg1+ 71. Kf6 Rf1 72. Kg6
Rg1+ 73. Kf7 Rf1 74. f6 Rf2 75. Rd4+ Kc6 76. Kg7 Rg2+ 77. Kf8 Rf2 78. f7 Rg2 79.
Ke7 1-0

[Event "13th EICC"]
[Site "Plovdiv BUL"]
[Date "2012.03.28"]
[Round "8.133"]
[White "Bukal, Vladimir Jr."]
[Black "Dimitrov, Atanas"]
[Result "1/2-1/2"]
[WhiteTitle "IM"]
[BlackTitle "IM"]
[WhiteElo "2441"]
[BlackElo "2318"]
[WhiteFideId "14502941"]
[BlackFideId "2901315"]
[EventDate "2012.03.20"]
[EventType "swiss"]

1. d4 Nf6 2. c4 g6 3. g3 Bg7 4. Bg2 d5 5. cxd5 Nxd5 6. e4 Nb6 7. Ne2 O-O 8. O-O
Nc6 9. d5 Ne5 10. Nbc3 e6 11. h3 exd5 12. exd5 Bf5 13. g4 Bd7 14. Ne4 c6 15. d6
f5 16. gxf5 Bxf5 17. Qb3+ Nd5 18. Bg5 Qb6 19. N2c3 Qxb3 20. axb3 Nxc3 21. bxc3
Nd7 22. Be7 Rfe8 23. Ra4 Bf8 24. Bxf8 Kxf8 25. Ng3 Be6 26. Rf4+ Kg7 27. b4 Ne5
28. Rd4 Rad8 29. Ra1 a6 30. Rad1 Nd7 31. Re4 Nb6 32. Rde1 Bf7 33. Re7 Rxe7 34.
Rxe7 Rd7 35. Ne4 Kf8 36. Nc5 Rxe7 37. dxe7+ Kxe7 38. Nxb7 Na4 39. Na5 Nxc3 40.
Nxc6+ Kd6 41. Nb8 Na2 42. Nxa6 1/2-1/2

[Event "13th EICC"]
[Site "Plovdiv BUL"]
[Date "2012.03.28"]
[Round "8.134"]
[White "Donchenko, Alexander"]
[Black "Colovic, Aleksandar"]
[Result "1/2-1/2"]
[WhiteTitle "FM"]
[BlackTitle "IM"]
[WhiteElo "2309"]
[BlackElo "2436"]
[WhiteFideId "24603295"]
[BlackFideId "15000729"]
[EventDate "2012.03.20"]
[EventType "swiss"]

1. Nf3 c5 2. c4 g6 3. g3 Bg7 4. Bg2 Nc6 5. Nc3 b6 6. O-O Bb7 7. e3 Nf6 8. d4
cxd4 9. exd4 O-O 10. Re1 Rc8 11. b3 d5 12. Ba3 Re8 13. Nxd5 Nxd5 14. cxd5 Qxd5
15. Ne5 Qa5 16. Nc4 Qb5 17. Bxe7 Rxe7 18. Rxe7 Nxe7 19. Bxb7 Rd8 20. Qf3 Nf5 21.
Re1 Nxd4 22. Qe4 Qd7 23. Qe7 Bf8 24. Qxd7 Rxd7 25. Bg2 Bc5 26. Kf1 Nc2 27. Rc1
Nb4 28. a3 Nd3 29. Rd1 Ne5 30. Rxd7 Nxd7 31. b4 Bd4 32. Bc6 Ne5 33. Nxe5 Bxe5
34. a4 a5 35. bxa5 bxa5 36. h3 Kg7 37. Ke2 Bd4 38. Bd5 f5 39. f3 Be5 40. g4 Kf6 1/2-1/2

[Event "13th EICC"]
[Site "Plovdiv BUL"]
[Date "2012.03.28"]
[Round "8.135"]
[White "Raznikov, Danny"]
[Black "Aharon, Ofir"]
[Result "1-0"]
[WhiteTitle "IM"]
[BlackTitle "FM"]
[WhiteElo "2436"]
[BlackElo "2288"]
[WhiteFideId "2811154"]
[BlackFideId "2800683"]
[EventDate "2012.03.20"]
[EventType "swiss"]

1. d4 d6 2. Nf3 g6 3. g3 Bg7 4. Bg2 Nd7 5. c4 e5 6. Nc3 Ne7 7. O-O O-O 8. e4
exd4 9. Nxd4 Nc6 10. Nde2 a5 11. Rb1 Nc5 12. Be3 Re8 13. Qd2 a4 14. Rfd1 Be6 15.
Nd5 Ne5 16. Qc2 Qc8 17. Nd4 Ng4 18. Bg5 h6 19. Bf4 Bxd5 20. cxd5 Nf6 21. f3 Nh5
22. Be3 f5 23. Bh3 Qd8 24. Ne6 Nxe6 25. dxe6 f4 26. gxf4 Qh4 27. Bg4 Re7 28. Bf2
Qf6 29. Bxh5 Qxf4 30. Bg4 h5 31. Bh3 Qxf3 32. Qd3 Qf4 33. Qe3 Qf6 34. Bg3 Ra5
35. e5 Rxe5 36. Bxe5 Qxe5 37. Qxe5 Bxe5 38. Rf1 g5 39. Rf5 g4 40. Bf1 Kg7 41.
Bc4 b5 42. Bd5 c6 43. Bxc6 Rxe6 44. Bxb5 Kg6 45. Bd3 Kh6 46. Kg2 Bd4 47. Rd5 Bc5
48. Rf1 1-0

[Event "13th EICC"]
[Site "Plovdiv BUL"]
[Date "2012.03.28"]
[Round "8.136"]
[White "Chudinovskikh, Alexander M"]
[Black "Georgiadis, Ioannis"]
[Result "0-1"]
[WhiteTitle "IM"]
[BlackTitle "IM"]
[WhiteElo "2278"]
[BlackElo "2435"]
[WhiteFideId "4106083"]
[BlackFideId "4208900"]
[EventDate "2012.03.20"]
[EventType "swiss"]

1. d4 Nf6 2. Nf3 e6 3. g3 b5 4. a4 b4 5. Bg2 Bb7 6. c4 Be7 7. O-O O-O 8. b3 d6
9. Bb2 Nbd7 10. Nbd2 c5 11. Rc1 cxd4 12. Nxd4 Bxg2 13. Kxg2 Qb6 14. e3 Nc5 15.
Qe2 Rac8 16. Rc2 g6 17. N4f3 e5 18. e4 Qb7 19. Re1 Nh5 20. Kg1 f5 21. exf5 Rxf5
22. Rf1 Nxb3 23. Nxb3 Qxf3 24. Nd4 Qxe2 25. Nxe2 Rf7 26. Rd1 Bf8 27. Rd5 Rfc7
28. Ra5 Rxc4 29. Rxc4 Rxc4 30. Kf1 Bh6 31. f4 exf4 32. Rxa7 f3 33. Ra8+ Kf7 34.
Nd4 Bg7 35. Ra7+ Ke8 36. Nb5 Bf8 37. a5 Rc2 38. a6 Rxh2 39. Bd4 Nxg3+ 40. Ke1
Ne4 41. Kd1 b3 42. Kc1 Rc2+ 0-1

[Event "13th EICC"]
[Site "Plovdiv BUL"]
[Date "2012.03.28"]
[Round "8.139"]
[White "Diermair, Andreas"]
[Black "Ben Artzi, Ido"]
[Result "1/2-1/2"]
[WhiteTitle "IM"]
[WhiteElo "2416"]
[BlackElo "2271"]
[WhiteFideId "1612468"]
[BlackFideId "2810913"]
[EventDate "2012.03.20"]
[EventType "swiss"]

1. c4 g6 2. Nc3 c5 3. Nf3 Bg7 4. g3 Nc6 5. Bg2 d6 6. O-O Nh6 7. d4 cxd4 8. Bxh6
Bxh6 9. Nxd4 Bd7 10. c5 dxc5 11. Nxc6 bxc6 12. Na4 O-O 13. Nxc5 Bf5 14. Be4 Bh3
15. Qxd8 Raxd8 16. Rfd1 Bg7 17. Nd3 c5 18. Rac1 Rd4 19. Bf3 Rfd8 20. Re1 c4 21.
Nf4 Be6 22. Nxe6 fxe6 23. e3 Rd2 24. Rxc4 Rxb2 25. Re2 a5 26. Rxb2 Bxb2 27. h4
Kf7 28. h5 Rd6 29. Be4 e5 30. hxg6+ hxg6 31. Bc2 Kf6 32. Rc5 Ra6 33. Rc4 Rd6 34.
Kf1 Ba3 35. Ke2 Bb4 36. Bd3 g5 37. a4 Kg7 38. Rc7 Rd5 39. Rc8 Rd6 40. Re8 Rc6
41. Be4 Rf6 42. Bd5 Rf8 43. Rxf8 Kxf8 44. Kf3 1/2-1/2

[Event "13th EICC"]
[Site "Plovdiv BUL"]
[Date "2012.03.28"]
[Round "8.140"]
[White "Neubauer, Martin"]
[Black "Bach, Adrian-Kalman"]
[Result "1-0"]
[WhiteTitle "IM"]
[BlackTitle "FM"]
[WhiteElo "2413"]
[BlackElo "2264"]
[WhiteFideId "1602675"]
[BlackFideId "1201107"]
[EventDate "2012.03.20"]
[EventType "swiss"]

1. Nf3 c5 2. c4 g6 3. e4 Bg7 4. d4 cxd4 5. Nxd4 Nc6 6. Be3 Nf6 7. Nc3 Ng4 8.
Qxg4 Nxd4 9. Qd1 e5 10. Bd3 O-O 11. O-O b6 12. a4 Bb7 13. Nb5 f5 14. Nd6 Bc6 15.
exf5 Qe7 16. f6 Bxf6 17. Ne4 Nf5 18. Qd2 Bg7 19. a5 Nxe3 20. Qxe3 Qb4 21. axb6
axb6 22. Qe2 Rf4 23. Rxa8+ Bxa8 24. g3 Rf8 25. Nc3 e4 26. Bxe4 Bxe4 27. Nxe4
Qxb2 28. Qd3 Qe5 29. Re1 Qe6 30. Re2 h5 31. h4 Ra8 32. Kh2 Ra4 33. Ng5 Ra3 34.
Qxa3 Qxe2 35. Qa8+ Bf8 36. Qd5+ Kh8 37. Qf7 Bg7 38. Kg2 1-0

[Event "13th EICC"]
[Site "Plovdiv BUL"]
[Date "2012.03.28"]
[Round "8.143"]
[White "Sofranov, Velizar"]
[Black "Pacher, Milan"]
[Result "0-1"]
[BlackTitle "IM"]
[WhiteElo "2198"]
[BlackElo "2402"]
[WhiteFideId "2906465"]
[BlackFideId "14907445"]
[EventDate "2012.03.20"]
[EventType "swiss"]

1. Nf3 Nf6 2. c4 e6 3. g3 a6 4. Bg2 b5 5. b3 Bb7 6. O-O c5 7. Bb2 Be7 8. d3 O-O
9. e4 d6 10. Qe2 Nc6 11. Nbd2 Nd7 12. d4 cxd4 13. Nxd4 Bf6 14. N2f3 bxc4 15.
Qxc4 Rc8 16. Qe2 Qb6 17. Rfd1 Nc5 18. Nxc6 Rxc6 19. Bxf6 gxf6 20. Nd4 Rc7 21.
Kh1 Rd8 22. Qg4+ Kf8 23. Qh4 Kg7 24. Qg4+ Kf8 25. Qh4 Kg7 26. e5 dxe5 27. Nf5+
exf5 28. Rxd8 Bxg2+ 29. Kxg2 Ne4 30. g4 Rc2 31. gxf5 Rxf2+ 32. Kh1 Qc6 33. Kg1
Rf4 34. Qh5 Qb6+ 35. Kh1 Nf2+ 36. Kg2 Qxd8 37. Rb1 e4 0-1

[Event "13th EICC"]
[Site "Plovdiv BUL"]
[Date "2012.03.28"]
[Round "8.144"]
[White "Pantev, Veselin"]
[Black "Pogosian, Vladimir"]
[Result "1-0"]
[WhiteTitle "FM"]
[WhiteElo "2379"]
[BlackElo "2153"]
[WhiteFideId "2901390"]
[BlackFideId "13301586"]
[EventDate "2012.03.20"]
[EventType "swiss"]

1. d4 Nf6 2. Nf3 c5 3. g3 cxd4 4. Nxd4 Qb6 5. Bg2 Nc6 6. Nb3 h5 7. h3 a5 8. Be3
Qc7 9. Nc3 a4 10. Nb5 Qb8 11. Bb6 d6 12. Nc7+ Qxc7 13. Bxc7 axb3 14. axb3 Rxa1
15. Qxa1 Kd7 16. Bb6 d5 17. O-O e6 18. c4 Bd6 19. Rd1 Ke7 20. Qc1 Re8 21. Qe3
Kf8 22. Bc5 Be7 23. Bxe7+ Rxe7 24. Qc5 Ke8 25. b4 Nd7 26. Qd6 Nb6 27. cxd5 Rd7
28. Qc5 1-0

[Event "13th EICC"]
[Site "Plovdiv BUL"]
[Date "2012.03.28"]
[Round "8.145"]
[White "Erturan, Yakup"]
[Black "Kigel, Dmytro"]
[Result "1-0"]
[WhiteTitle "IM"]
[BlackTitle "FM"]
[WhiteElo "2370"]
[BlackElo "2235"]
[WhiteFideId "6301410"]
[BlackFideId "14117932"]
[EventDate "2012.03.20"]
[EventType "swiss"]

1. Nf3 Nf6 2. g3 d5 3. Bg2 c6 4. d4 Bg4 5. c4 Bxf3 6. Bxf3 dxc4 7. Na3 Qa5+ 8.
Kf1 Qa6 9. Qc2 e6 10. Nxc4 Be7 11. Kg2 Nbd7 12. e4 b5 13. Nd2 c5 14. dxc5 Nxc5
15. Nb3 Rc8 16. Nxc5 Rxc5 17. Qe2 Qb7 18. Be3 Rc8 19. Bd4 Qb8 20. Qe3 a6 21.
Rac1 O-O 22. Rhd1 e5 23. Bc5 Bxc5 24. Rxc5 Rfd8 25. Rxd8+ Rxd8 26. Qc3 Re8 27.
Rc7 h6 28. Qc6 Qa8 29. Qxa8 Rxa8 30. Bd1 Rd8 31. Bb3 Rd7 32. Rc8+ Kh7 33. Kf3
Rd4 34. Bxf7 Nxe4 35. Ke3 Nf6 36. Be6 Ng4+ 37. Ke2 h5 38. Bf5+ Kh6 39. h4 g5 40.
Rg8 gxh4 41. Rg6+ Kh7 42. Rxg4+ 1-0

[Event "13th EICC"]
[Site "Plovdiv BUL"]
[Date "2012.03.28"]
[Round "8.147"]
[White "Dragomirescu, Robin-Alexandru"]
[Black "Arnaudov, Petar"]
[Result "1-0"]
[WhiteTitle "IM"]
[WhiteElo "2358"]
[BlackElo "2149"]
[WhiteFideId "1213849"]
[BlackFideId "2901706"]
[EventDate "2012.03.20"]
[EventType "swiss"]

1. e4 g6 2. d4 Bg7 3. Nc3 c6 4. f4 d5 5. e5 h5 6. Nf3 Bg4 7. Be2 e6 8. Be3 Nh6
9. O-O Nf5 10. Bf2 Bf8 11. h3 Bxf3 12. Bxf3 h4 13. Ne2 Be7 14. Kh2 Nd7 15. b3
Kf8 16. c4 Kg7 17. Bg4 Nb6 18. Qd3 Qd7 19. Rfd1 Bd8 20. Ng1 Nc8 21. Bxf5 exf5
22. Nf3 Qe6 23. Rac1 Nb6 24. Qc3 Nd7 25. Qe1 Nf8 26. Nxh4 Qd7 27. Nf3 Ne6 28. g3
Be7 29. Kg2 Rh7 30. Qc3 Rah8 31. Rh1 Ra8 32. Be3 Nc7 33. Bd2 Rh5 34. Qa5 a6 35.
Bb4 Bxb4 36. Qxb4 Ne6 37. Qd6 Rd8 38. cxd5 Qxd6 39. exd6 cxd5 40. Kf2 Rhh8 41.
Ke3 Rxd6 42. Kd3 f6 43. h4 Kf7 44. h5 g5 45. fxg5 fxg5 46. Ne5+ Kf6 47. Rcf1 f4
48. g4 Rdd8 49. Re1 Nf8 50. Rc1 Ne6 51. Rhe1 Rd6 52. Nf3 Rc6 53. Rxc6 bxc6 54.
Re5 1-0

[Event "13th EICC"]
[Site "Plovdiv BUL"]
[Date "2012.03.28"]
[Round "8.151"]
[White "Scekic, Veljko"]
[Black "Poetsch, Hagen"]
[Result "0-1"]
[BlackTitle "IM"]
[WhiteElo "2186"]
[BlackElo "2432"]
[WhiteFideId "940020"]
[BlackFideId "24615137"]
[EventDate "2012.03.20"]
[EventType "swiss"]

1. c4 e5 2. Nc3 Nf6 3. g3 d5 4. cxd5 Nxd5 5. Bg2 Nb6 6. Nf3 Nc6 7. O-O Be7 8. d3
O-O 9. a3 Be6 10. b4 a5 11. b5 Nd4 12. Nxd4 exd4 13. Na4 Bd5 14. Bh3 c6 15. bxc6
Bxc6 16. Nxb6 Qxb6 17. e4 dxe3 18. fxe3 Bg5 19. d4 Rae8 20. Re1 Re7 21. Bd2 Rfe8
22. Kf2 Qb2 23. Qc1 Bxe3+ 24. Rxe3 Qxd4 25. Rb1 Qf4+ 26. Ke1 Qh6 27. Rxe7 Rxe7+
28. Kd1 Ba4+ 0-1

[Event "13th EICC"]
[Site "Plovdiv BUL"]
[Date "2012.03.28"]
[Round "8.152"]
[White "Manea, Alexandru"]
[Black "Ilic, Slobodan S"]
[Result "1-0"]
[WhiteTitle "IM"]
[WhiteElo "2381"]
[BlackElo "2160"]
[WhiteFideId "1207660"]
[BlackFideId "912883"]
[EventDate "2012.03.20"]
[EventType "swiss"]

1. e4 c5 2. Nf3 e6 3. d4 cxd4 4. Nxd4 Nf6 5. Nc3 d6 6. Be3 Nc6 7. Bc4 Be7 8. Bb3
a6 9. Qe2 Qc7 10. O-O-O Na5 11. g4 b5 12. g5 Nxb3+ 13. axb3 Nd7 14. Nf5 exf5 15.
Nd5 Qd8 16. exf5 Bb7 17. f6 gxf6 18. gxf6 Bxd5 19. Rxd5 Nxf6 20. Rf5 Qa5 21. Qf3
Kd7 22. Bd4 Rhe8 23. b4 Qc7 24. Bxf6 Rac8 25. Bc3 Qc6 26. Qxc6+ Kxc6 27. Rxf7
Rc7 28. Kd1 Bh4 29. Rf4 Bd8 30. Rg1 Re6 31. Rg3 Rd7 32. Bd4 a5 33. Rc3+ Kb7 34.
Rf5 d5 35. Rc5 Ka7 36. Rfxd5 Red6 37. Rc6+ 1-0